000 01518cam a2200229 4500500
005 20260111132237.0
041 _afre
042 _adc
100 1 0 _aLoarer, Gwenvael
_eauthor
245 0 0 _aPetite revue de littérature
260 _c2025.
500 _a27
520 _aCette revue de littérature propose une « archéologie » de la notion de co-soignance en présentant les principaux concepts, événements et enjeux permettant de comprendre l’émergence de cette notion dans l’histoire du mouvement de la psychothérapie institutionnelle (pi). C’est l’occasion de clarifier les relations de filiations et articulations avec plusieurs concepts de la « boîte à outils » mise au travail par François Tosquelles, Jean Oury, Félix Guattari, etc. L’article replace ensuite la co-soignance dans un ensemble de pratiques analogues en pédagogie institutionnelle, médecine communautaire, pair-aidance, militantisme ; avant d’étendre cette contextualisation dans le domaine des sciences humaines à travers les concepts d’entraide, de don et de convivialité.
690 _aco-soignance
690 _aentraide
690 _apair-aidance
690 _apédagogie institutionnelle
690 _aPsychothérapie institutionnelle
690 _arelation soignant-soigné
786 0 _nVST - Vie sociale et traitements | 168 | 4 | 2025-12-05 | p. 14-20 | 0396-8669
856 4 1 _uhttps://shs.cairn.info/revue-vst-vie-sociale-et-traitements-2025-4-page-14?lang=fr&redirect-ssocas=7080
999 _c1634649
_d1634649